El diario de Hamlet García
Guardat en:
| Autor principal: | |
|---|---|
| Format: | Llibre |
| Idioma: | espanyol |
| Publicat: |
Barcelona
Anthropos
1987
|
| Col·lecció: | Memoria rota. Exilios y Heterodoxias, 11
|
| Matèries: | |
| Etiquetes: |
Afegir etiqueta
Sense etiquetes, Sigues el primer a etiquetar aquest registre!
|
MARC
| LEADER | 00000nam a2200000 a 4500 | ||
|---|---|---|---|
| 001 | UCX4129 | ||
| 003 | CL-VaPUC | ||
| 008 | 920318e19870000SP |||||||||||||||||spa|d | ||
| 082 | 0 | 4 | |a 863 |b MAS |2 21 |
| 100 | |a Masip, Paulino |e autor |9 320265 | ||
| 245 | 1 | 3 | |a El diario de Hamlet García |
| 300 | |a 336 p | ||
| 942 | |c BK | ||
| 945 | |d 19920318 00:00:00 | ||
| 260 | |a Barcelona |b Anthropos |c 1987 | ||
| 650 | 0 | |a Novelas españolas |9 265052 | |
| 583 | |a last modification |c 19920318 00:00:00 |k Rodrigo Vera | ||
| 490 | 0 | |a Memoria rota. Exilios y Heterodoxias, 11 | |
| 999 | |c 224689 |d 224687 | ||
| 952 | |0 0 |1 0 |4 0 |6 863_000000000000000_MAS_1987 |7 0 |8 A |9 221552 |a BIBEDU |b BIBEDU |d 2019-11-15 |i 290344K |o 863 MAS 1987 |p 290344K |r 2019-11-15 |w 2019-11-15 |y BK |k LIT | ||